000 00590nam a2200229Ia 4500
003 OSt
005 20220928102152.0
006 a|||||r|||| 00| 0
007 ta
008 220927b |||||||| |||| 00| 0 eng d
024 _a60892
037 _cTextual
040 _aSDCL
_cSDCL
_beng
041 _2eng
_aeng
082 _aP15,Cx1,1,2, L7
100 _aPatanjali
_9396904
245 0 _aMahabhashayam.
260 _aGorakhpur
_bSanskrit Seva Sansthan
_c1977
300 _a144p.
_ccm.
942 _hP15,Cx1,1,2, L7
_cTEXL
_2CC
999 _c712668
_d712668